Entry Personal Name
Number of records used in: 1
001 - CONTROL NUMBER
003 - CONTROL NUMBER IDENTIFIER
005 - DATE AND TIME OF LATEST TRANSACTION
- control field:
20231110145144.0
008 - FIXED-LENGTH DATA ELEMENTS
- fixed length control field:
231110|| aca||aabn | a|a d
040 ## - CATALOGING SOURCE
- Original cataloging agency:
OSt
100 ## - HEADING--PERSONAL NAME
- Personal name:
Ibn Taymīyah, Aḥmad ʻAbd al-Ḥalīm
- Numeration:
, 1263-1328